| 000 | 00703nam a2200193 a 4500 | ||
|---|---|---|---|
| 001 | 000041311 | ||
| 005 | 20201002034758.0 | ||
| 008 | 130930s2001 sp ac 000 0 spa d | ||
| 020 | _a8400080025 | ||
| 040 |
_aDO-SdBNP _bspa _cBNPHU |
||
| 245 | 0 | 0 |
_aDiego Angulo Íñiguez, historiador del arte / _ccoordinadora Isabel Mateo Gómez. |
| 260 |
_aMadrid : _bConsejo Superior de Investigaciones Científicas, _c2001. |
||
| 300 |
_a355 p. ; _c29 cm. |
||
| 490 | 1 |
_aBiblioteca de historia del arte _v1 |
|
| 504 | _aBibliografía : p. 51-150 | ||
| 700 | 1 |
_aMateo Gómez, Isabel _967934 |
|
| 710 | 2 |
_aConsejo Superior de Investigaciones Científicas _94786 |
|
| 830 | 0 |
_aBiblioteca de historia del arte _v1 _967935 |
|
| 999 |
_c40801 _d40801 |
||